000 00777nam a2200181Ia 4500
008 151018s9999 xx 000 0 und d
082 _bRBASDV60389
_a915.4
100 _aसांस्क्रूत्यायन राहुल
245 _aएशिया के दुर्गम भूखंडो मे
250 _b1
260 _bभारतीय प्रकाशन संस्था
_c2011
300 _a212
600 _aसांस्क्रूत्यायन राहुल
630 _aएशिया के दुर्गम भूखंडो मे
700 _aसांस्क्रूत्यायन राहुल
730 _aएशिया के दुर्गम भूखंडो मे
942 _cBOOK
999 _c1053925
_d1053922